Lexicon graeco-latinum manuale (Record no. 173620)
[ view plain ]
| 000 -LEADER | |
|---|---|
| campo de control de longitud fija | 00850nam a2200217 4500 |
| 001 - NÚMERO DE CONTROL | |
| campo de control | 173620 |
| 003 - IDENTIFICADOR DE NÚMERO DE CONTROL | |
| campo de control | ES-MaACL |
| 005 - FECHA Y HORA DE LA ÚLTIMA TRANSACCIÓN | |
| campo de control | 20230906215307.0 |
| 008 - DATOS DE LONGITUD FIJA--INFORMACIÓN GENERAL | |
| campo de control de longitud fija | 091214s1911 gw |||| | lat d |
| 080 ## - NÚMERO DE LA CLASIFICACIÓN DECIMAL UNIVERSAL | |
| Número de la Clasificación Decimal Universal | 807.5-3=71 |
| 245 00 - MENCIÓN DEL TÍTULO | |
| Título | Lexicon graeco-latinum manuale |
| Resto del título | : ex optimis libris concinnatum / |
| Mención de responsabilidad, etc. | edidit E.F. Leopold. |
| 250 ## - MENCION DE EDICION | |
| Mención de edición | Altera editio stereotypa C. Tauchnitiana emendatior et locupletior. |
| 260 ## - PUBLICACIÓN, DISTRIBUCIÓN, ETC. | |
| Lugar de publicación, distribución, etc. | Lipsiae [Leipzig] : |
| Nombre del editor, distribuidor, etc. | Sumptibus Succ. Ottonis Holtze, |
| Fecha de publicación, distribución, etc. | 1911 ( |
| Fabricante | Oscar Brandstetter) |
| 300 ## - DESCRIPCIÓN FÍSICA | |
| Extensión | III, 895 p. ; |
| Dimensiones | 15 cm. |
| 546 ## - NOTA DE IDIOMA | |
| Nota de lengua/lenguaje | Texto en latín y griego. |
| 595 ## - | |
| -- | Nova impressio. |
| 597 ## - NOTA DE DESCRIPCIÓN FÍSICA | |
| NOTA DE DESCRIPCIÓN FÍSICA | Texto a dos col. |
| 650 #4 - PUNTO DE ACCESO ADICIONAL DE MATERIA--TÉRMINO DE MATERIA | |
| Término de materia o nombre geográfico como elemento de entrada | Lengua griega- |
| Subdivisión de forma | Diccionarios- |
| Subdivisión general | Latín. |
| 9 (RLIN) | 141813 |
| 700 1# - ENTRADA AGREGADA--NOMBRE PERSONAL | |
| Nombre de persona | Leopold, Ernst Friedrich. |
| 9 (RLIN) | 128884 |
| 852 4# - LOCALIZACIÓN | |
| Ubicación | ES-MaACL |
| Número de control de estantería | E-13036 |
| Nota libre | . -- Enc. piel |
| -- | . - Biblioteca Jacinto Martínez Lacalle |
| Estatus retirado | Estado de pérdida | Estado de daño | No para préstamo | Biblioteca de origen | Biblioteca actual | Ubicación en estantería | Fecha de adquisición | Fuente de adquisición | Total de préstamos | Signatura topográfica completa | Código de barras | Visto por última vez | Precio de reemplazo | Tipo de ítem Koha |
|---|---|---|---|---|---|---|---|---|---|---|---|---|---|---|
| Biblioteca del Ateneo de Madrid | Biblioteca del Ateneo de Madrid | Depósito 2 | 14/12/2009 | E-13036 | 1182202 | 23/02/2023 | 23/02/2023 | Libro impreso |
